[Event "Thessaloniki Vardaris op 7th"]
[Site "Thessaloniki"]
[Date "2024.03.17"]
[Round "6"]
[White "Sampsonoglou, Vasilios"]
[Black "Valsamis, Alexandros"]
[Result "0-1"]
[WhiteElo "1665"]
[BlackElo "2002"]
[PlyCount "62"]
[EventDate "2024.03.14"]
[EventType "swiss"]
[EventRounds "7"]
[EventCountry "GRE"]
[SourceTitle "CB13_2024"]
[SourceDate "2024.03.27"]
[SourceVersion "1"]
[SourceVersionDate "2024.03.27"]
[SourceQuality "1"]

1. Nf3 Nf6 2. c4 g6 3. d4 Bg7 4. Nc3 0-0 5. e3 d6 6. g3 Nbd7 7. Bg2 e5 8. 0-0 c6 9. dxe5 dxe5 10. Qe2 Qe7 11. b3 Re8 12. Bb2 Nf8 13. Rfd1 e4 14. Ng5 Bg4 15. Qc2 Bxd1 16. Rxd1 Rad8 17. Re1 Rd7 18. Ngxe4 Red8 19. Nxf6+ Qxf6 20. Na4 Qe7 21. Bxg7 Kxg7 22. e4 Rd2 23. Qc3+ Kg8 24. Nb2 Qc5 25. Rf1 Ne6 26. Na4 Qd4 27. Qa5 Rxa2 28. Bh3 Ra1 29. Bxe6 Rxf1+ 30. Kxf1 fxe6 31. Qc7 Rf8 0-1

[Event "Thessaloniki Vardaris op 7th"]
[Site "Thessaloniki"]
[Date "2024.03.16"]
[Round "4"]
[White "Giannoulakis, Labros"]
[Black "Valsamis, Alexandros"]
[Result "1-0"]
[WhiteElo "2371"]
[BlackElo "2002"]
[PlyCount "99"]
[EventDate "2024.03.14"]
[EventType "swiss"]
[EventRounds "7"]
[EventCountry "GRE"]
[SourceTitle "CB13_2024"]
[SourceDate "2024.03.27"]
[SourceVersion "1"]
[SourceVersionDate "2024.03.27"]
[SourceQuality "1"]

1. d4 Nf6 2. c4 g6 3. Nc3 Bg7 4. e4 d6 5. Nf3 0-0 6. Be2 e5 7. d5 a5 8. Bg5 Na6 9. Nd2 Nc5 10. 0-0 h6 11. Be3 Nfd7 12. b3 f5 13. f3 f4 14. Bf2 g5 15. a3 Nf6 16. b4 axb4 17. axb4 Rxa1 18. Qxa1 Na6 19. c5 Nxb4 20. Qa4 Na6 21. c6 Nc5 22. Bxc5 dxc5 23. cxb7 Bxb7 24. Rb1 Bc8 25. Rb8 Nd7 26. Rb1 Nb6 27. Qa7 Rf7 28. Na4 Nxa4 29. Qxa4 Bd7 30. Bb5 Bf8 31. Nc4 Bd6 32. h3 h5 33. Bxd7 Rxd7 34. Qa7 Qf6 35. Rb8+ Kh7 36. Qa6 g4 37. Qc8 Qg7 38. hxg4 hxg4 39. fxg4 Rf7 40. Rb3 Rf8 41. Qe6 Qg6 42. Rh3+ Kg7 43. Qd7+ Rf7 44. Qd8 Rf8 45. Qh4 Qxe4 46. Qh6+ Kf7 47. Nxd6+ cxd6 48. Qxd6 c4 49. g5 Re8 50. Qf6+ 1-0

[Event "Thessaloniki Vardaris op 7th"]
[Site "Thessaloniki"]
[Date "2024.03.15"]
[Round "2"]
[White "Kontogianni, Vasiliki"]
[Black "Valsamis, Alexandros"]
[Result "0-1"]
[WhiteElo "1807"]
[BlackElo "2002"]
[PlyCount "118"]
[EventDate "2024.03.14"]
[EventType "swiss"]
[EventRounds "7"]
[EventCountry "GRE"]
[SourceTitle "CB13_2024"]
[SourceDate "2024.03.27"]
[SourceVersion "1"]
[SourceVersionDate "2024.03.27"]
[SourceQuality "1"]

1. d4 Nf6 2. c4 g6 3. Nc3 Bg7 4. e4 d6 5. Nge2 0-0 6. Ng3 c5 7. d5 e6 8. Be2 exd5 9. cxd5 Bd7 10. 0-0 Na6 11. h3 Nc7 12. a4 a6 13. Qb3 b5 14. Bf4 b4 15. Nb1 Nfe8 16. Nd2 Qf6 17. Qe3 Qxb2 18. Nc4 Qd4 19. Rab1 Qxe3 20. fxe3 h6 21. a5 Nb5 22. h4 Nc3 23. Rbc1 Bb5 24. Rfe1 Bf6 25. Nxd6 Bxh4 26. Bxb5 axb5 27. Kh2 Nxd6 28. Bxd6 Bxg3+ 29. Bxg3 Nxe4 30. Bc7 f5 31. d6 Rf7 32. Red1 Rd7 33. Bb6 b3 34. Bxc5 b2 35. Rc2 Rc8 36. Rxb2 Rxc5 37. a6 Rc6 38. Ra1 Ra7 39. d7 Rd6 40. Rxb5 Rdxd7 41. Rb6 Kf7 42. Ra5 h5 43. Rab5 Nd6 44. Rd5 Ke6 45. Rc5 Rdc7 46. Rcb5 Kd7 47. Rd5 Rc6 48. Rb8 Raxa6 49. Rg8 Ke6 50. Rd4 Kf6 51. Rb4 Ne4 52. Rb3 Kg5 53. Rgb8 Rc2 54. Rb2 Rxb2 55. Rxb2 Ra1 56. Rc2 h4 57. g3 Nxg3 58. Kg2 Kg4 59. Rc4+ Ne4 0-1

[Event "Thessaloniki Vardaris op 7th"]
[Site "Thessaloniki"]
[Date "2024.03.14"]
[Round "1"]
[White "Valsamis, Alexandros"]
[Black "Skodras, Marios Konstantinos"]
[Result "1/2-1/2"]
[WhiteElo "2002"]
[BlackElo "1798"]
[PlyCount "158"]
[EventDate "2024.03.14"]
[EventType "swiss"]
[EventRounds "7"]
[EventCountry "GRE"]
[SourceTitle "CB13_2024"]
[SourceDate "2024.03.27"]
[SourceVersion "1"]
[SourceVersionDate "2024.03.27"]
[SourceQuality "1"]

1. Nf3 Nf6 2. e3 d5 3. c4 e6 4. b3 g6 5. Bb2 Bg7 6. Nc3 c5 7. cxd5 exd5 8. d4 cxd4 9. Nxd4 0-0 10. Be2 Nc6 11. Nxc6 bxc6 12. 0-0 Bf5 13. Qd2 Qd6 14. Rfd1 Rad8 15. Rac1 Rfe8 16. h3 Qe7 17. Bf3 Rc8 18. Ne2 g5 19. Ng3 Bg6 20. Qa5 Ne4 21. Ba3 Qf6 22. Bxe4 dxe4 23. Rd6 Re6 24. Rxe6 Qxe6 25. Qxg5 f5 26. Qe7 Qxe7 27. Bxe7 Kf7 28. Bc5 a6 29. Ne2 Be5 30. Nd4 Ke8 31. Bb6 Kd7 32. b4 Bxd4 33. Bxd4 Bf7 34. a4 Bb3 35. Rc5 Rb8 36. Bc3 Bd5 37. Ra5 Ra8 38. g3 Kc7 39. Kf1 h5 40. h4 Kb7 41. Rc5 Rd8 42. Bd4 Rd7 43. Ke1 Rd8 44. Kd2 Rd7 45. Kc3 Rd8 46. b5 cxb5 47. axb5 a5 48. Kb2 Be6 49. Ka3 Rd5 50. Ka4 Rxc5 51. Bxc5 Bc4 52. Kxa5 Be2 53. Kb4 Bd1 54. Bd4 Be2 55. Kc5 Bd1 56. Kd6 Bf3 57. Ke6 Bg4 58. Ke5 Kc7 59. Bc5 Kb7 60. Kf4 Kc7 61. Ke5 Kb7 62. Kd6 Bf3 63. Bd4 Bg4 64. Kd7 Bf3 65. Kd8 Bg4 66. Ke7 Kc7 67. Kf6 Kb7 68. Kg5 Kc8 69. Kf4 Kb7 70. f3 exf3 71. e4 fxe4 72. Kxe4 f2 73. Bxf2 Be2 74. Kd4 Bg4 75. Kc5 Bd1 76. Kd6 Bg4 77. Kc5 Bd1 78. Kd6 Bg4 79. Kc5 Bd1 1/2-1/2

[Event "GRE-chT 50th"]
[Site "Nikaia"]
[Date "2023.08.27"]
[Round "4.3"]
[White "Valsamis, Alexandros"]
[Black "Georgakopoulos, Nikolaos K"]
[Result "0-1"]
[WhiteElo "1963"]
[BlackElo "2148"]
[PlyCount "146"]
[EventDate "2023.08.25"]
[EventType "team"]
[EventRounds "9"]
[EventCountry "GRE"]
[SourceTitle "EXT 2024"]
[Source "ChessBase"]
[SourceDate "2023.10.10"]
[SourceVersion "1"]
[SourceVersionDate "2023.10.10"]
[SourceQuality "1"]
[WhiteTeam "Kerkeras"]
[BlackTeam "Khanion"]
[WhiteTeamCountry "GRE"]
[BlackTeamCountry "GRE"]

1. Nf3 Nf6 2. g3 g6 3. Bg2 Bg7 4. d4 0-0 5. c4 d6 6. Nc3 c6 7. 0-0 Bf5 8. Nh4 Be6 9. b3 d5 10. cxd5 cxd5 11. Nf3 Nc6 12. Bb2 Rc8 13. Ne5 Nxe5 14. dxe5 Ng4 15. Nxd5 Nxe5 16. Kh1 Bxd5 17. Bxd5 Rc7 18. Be4 Rd7 19. Qe1 f5 20. Bg2 Nd3 21. exd3 Bxb2 22. Qe6+ Kg7 23. Rab1 Bf6 24. Rbd1 Rxd3 25. Qe2 Rxd1 26. Rxd1 Qc7 27. Bd5 Rd8 28. Bc4 Rxd1+ 29. Qxd1 b5 30. Bd5 Qc5 31. Kg2 Bd4 32. Qf3 Bxf2 33. g4 Bd4 34. Be6 Qc2+ 35. Kf1 Qb1+ 36. Ke2 Qc2+ 37. Kf1 Qc1+ 38. Ke2 f4 39. Qd3 Qb2+ 40. Kf3 Qf2+ 41. Ke4 Bf6 42. Bd7 b4 43. h3 Qe1+ 44. Kf3 Qg3+ 45. Ke4 Qg2+ 46. Qf3 Qxa2 47. Ba4 g5 48. Qd3 Qg2+ 49. Qf3 Qb2 50. Qd3 a5 51. Bb5 Qf2 52. Bc4 Qe1+ 53. Kf3 Qh1+ 54. Ke2 Qg2+ 55. Kd1 f3 56. Qd5 Qg1+ 57. Kd2 Qf2+ 58. Kd1 Qd4+ 59. Ke1 f2+ 60. Kf1 Qxd5 61. Bxd5 Bd4 62. Ke2 Kf6 63. Bc4 Ke5 64. Kf3 a4 65. bxa4 b3 66. Bd3 b2 67. Ke2 Kf4 68. Bxh7 e5 69. Bd3 e4 70. Bc2 e3 71. a5 Kg3 72. Bb1 Kg2 73. Be4+ Kg1 0-1

[Event "GRE CupT 41st f/16"]
[Site "Greece"]
[Date "2023.06.18"]
[Round "1.8"]
[White "Gavriilidis, Georgios"]
[Black "Valsamis, Alexandros"]
[Result "1-0"]
[WhiteElo "2113"]
[BlackElo "1959"]
[PlyCount "85"]
[EventDate "2023.06.18"]
[EventType "team-k.o."]
[EventRounds "1"]
[EventCountry "GRE"]
[SourceTitle "EXT 2024"]
[Source "ChessBase"]
[SourceDate "2023.10.10"]
[SourceVersion "1"]
[SourceVersionDate "2023.10.10"]
[SourceQuality "1"]

1. d4 Nf6 2. c4 g6 3. Nc3 Bg7 4. e4 d6 5. f4 0-0 6. Nf3 c5 7. d5 e6 8. Be2 exd5 9. cxd5 b5 10. e5 dxe5 11. fxe5 Ng4 12. Bg5 Qb6 13. 0-0 c4+ 14. Kh1 Nd7 15. e6 fxe6 16. dxe6 Qxe6 17. Nxb5 Bb7 18. Nd6 Bd5 19. Qxd5 Qxd5 20. Bxc4 Qxc4 21. Nxc4 Nb6 22. Rac1 h6 23. Bd2 Nd5 24. Rce1 Rae8 25. Kg1 Rc8 26. b3 Rfd8 27. Re6 g5 28. Ba5 Rf8 29. Rfe1 Nf4 30. Rd6 Nf6 31. Bc3 Ne8 32. Bxg7 Nxg7 33. Rxh6 Nf5 34. Ra6 g4 35. Nfe5 Nd4 36. Nxg4 Nfe2+ 37. Kh1 Nc2 38. Rb1 Nc3 39. Rg1 Ne2 40. Nf6+ Kg7 41. Rf1 Rh8 42. Rxa7+ Kg6 43. Ne5+ 1-0

[Event "GRE CupT 1/8 f 39th"]
[Site "Greece"]
[Date "2021.11.28"]
[Round "1"]
[White "Tsorbatzoglou, Theodoros"]
[Black "Valsamis, Alexandros"]
[Result "1/2-1/2"]
[WhiteElo "2165"]
[BlackElo "1953"]
[PlyCount "53"]
[EventDate "2021.11.28"]
[EventType "team-k.o."]
[EventRounds "1"]
[EventCountry "GRE"]
[SourceTitle "EXT 2023"]
[Source "ChessBase"]
[SourceDate "2022.10.05"]
[SourceVersion "1"]
[SourceVersionDate "2022.10.05"]
[SourceQuality "1"]
[WhiteTeam "Thessaloniki Galaxias"]
[BlackTeam "Korfu SPZ"]
[WhiteTeamCountry "GRE"]
[BlackTeamCountry "GRE"]

1. d4 Nf6 2. Nf3 g6 3. Bg5 Bg7 4. Nbd2 d5 5. e3 0-0 6. h3 Bf5 7. Bd3 Bxd3 8. cxd3 Nbd7 9. Qb3 Nb6 10. 0-0 Nfd7 11. a4 a5 12. Rfc1 c6 13. Bh4 Ra6 14. Qa3 Re8 15. b4 axb4 16. Qxb4 c5 17. Qb5 cxd4 18. exd4 Qa8 19. a5 Bh6 20. Rc7 e5 21. dxe5 Nxe5 22. Nxe5 Bxd2 23. Nd7 Nxd7 24. Qxd7 Rf8 25. Qxd5 Bxa5 26. Qxb7 Bxc7 27. Qxa6 1/2-1/2

[Event "GRE-chT Online Rapid op 1st"]
[Site "Tornelo INT"]
[Date "2021.02.21"]
[Round "9.14"]
[White "Valsamis, Alexandros"]
[Black "Papachristopoulos, Georgios"]
[Result "1-0"]
[WhiteElo "1953"]
[BlackElo "1389"]
[PlyCount "127"]
[EventDate "2021.02.20"]
[EventType "team-swiss (rapid)"]
[EventRounds "9"]
[EventCountry "GRE"]
[SourceTitle "EXT 2023"]
[Source "ChessBase"]
[SourceDate "2022.10.05"]
[SourceVersion "1"]
[SourceVersionDate "2022.10.05"]
[SourceQuality "1"]

1. e4 e5 2. Nf3 Nc6 3. Bc4 Bc5 4. d3 h6 5. h3 Nf6 6. 0-0 0-0 7. Be3 Bxe3 8. fxe3 d5 9. exd5 Nxd5 10. Qe1 Be6 11. Nbd2 a6 12. a3 Qd6 13. Ne4 Qe7 14. Bxd5 Bxd5 15. Nh4 Bxe4 16. dxe4 Qe6 17. Nf5 Ne7 18. Qg3 Nxf5 19. exf5 Qf6 20. e4 Rad8 21. Rad1 Rxd1 22. Rxd1 Qb6+ 23. Kh2 Qxb2 24. f6 g6 25. Rd7 Re8 26. Qh4 Qb6 27. Rxc7 h5 28. Qg5 Qf2 29. Re7 Rc8 30. Rxe5 h4 31. Rd5 Qg3+ 32. Qxg3 hxg3+ 33. Kxg3 Rxc2 34. Rd8+ Kh7 35. Rd7 Kg8 36. Rxb7 Rc3+ 37. Kg4 Rxa3 38. e5 Ra4+ 39. Kg5 Re4 40. g4 Rxe5+ 41. Kh6 Kf8 42. Ra7 a5 43. Ra8+ Re8 44. Rxa5 Kg8 45. Ra7 Rd8 46. h4 Re8 47. g5 Rd8 48. Rb7 Re8 49. h5 gxh5 50. g6 Rf8 51. g7 Re8 52. Kxh5 Rd8 53. Rb5 Re8 54. Kg5 Ra8 55. Kf4 Re8 56. Rb7 Rd8 57. Ke5 Re8+ 58. Kd5 Ra8 59. Rb6 Re8 60. Kd6 Ra8 61. Kc7 Kh7 62. Rb8 Rxb8 63. Kxb8 Kg8 64. Kc8 1-0

[Event "GRE-chT Online Rapid op 1st"]
[Site "Tornelo INT"]
[Date "2021.02.21"]
[Round "5.9"]
[White "Valsamis, Alexandros"]
[Black "Sgouros, Nikolaos"]
[Result "1-0"]
[WhiteElo "1953"]
[BlackElo "1775"]
[PlyCount "67"]
[EventDate "2021.02.20"]
[EventType "team-swiss (rapid)"]
[EventRounds "9"]
[EventCountry "GRE"]
[SourceTitle "EXT 2023"]
[Source "ChessBase"]
[SourceDate "2022.10.05"]
[SourceVersion "1"]
[SourceVersionDate "2022.10.05"]
[SourceQuality "1"]

1. e4 c6 2. Nf3 d5 3. Nc3 dxe4 4. Nxe4 Bf5 5. Ng3 Bg6 6. d4 e6 7. h3 Nd7 8. Bd3 Bxd3 9. Qxd3 Ngf6 10. Bd2 Be7 11. 0-0-0 0-0 12. Kb1 c5 13. Bc3 Nd5 14. h4 Nxc3+ 15. Qxc3 Bf6 16. Ne4 cxd4 17. Nxf6+ Nxf6 18. Rxd4 Qb6 19. Rhd1 Rac8 20. Qd2 h6 21. g4 Nd5 22. c4 Nb4 23. c5 Qc6 24. Ne5 Qc7 25. Nd7 Nc6 26. Rd6 Rfd8 27. h5 Kh8 28. g5 hxg5 29. Qxg5 Rg8 30. h6 Qd8 31. hxg7+ Rxg7 32. Rh1+ Rh7 33. Rxh7+ Kxh7 34. Nf6+ 1-0

[Event "Kanoni Easter op 1st"]
[Site "Kanoni"]
[Date "2019.05.05"]
[Round "9"]
[White "Valsamis, Alexandros"]
[Black "Koutoukidis, Panagiotis"]
[Result "1/2-1/2"]
[WhiteElo "1841"]
[BlackElo "2357"]
[PlyCount "61"]
[EventDate "2019.04.29"]
[EventType "swiss"]
[EventRounds "9"]
[EventCountry "GRE"]
[SourceTitle "CBM 190 Extra"]
[Source "ChessBase"]
[SourceDate "2019.07.15"]
[SourceVersion "1"]
[SourceVersionDate "2019.07.15"]
[SourceQuality "1"]

1. Nf3 Nf6 2. g3 d5 3. Bg2 e6 4. 0-0 Be7 5. d3 0-0 6. Nbd2 c5 7. e4 Nc6 8. e5 Nd7 9. Re1 Qc7 10. Qe2 b5 11. Nf1 Bb7 12. h4 Rfc8 13. c3 b4 14. Bf4 bxc3 15. bxc3 Ba6 16. N1h2 Rab8 17. Bf1 Nb6 18. Ng5 h6 19. Qh5 hxg5 20. hxg5 Bf8 21. Ng4 Ne7 22. Nf6+ gxf6 23. exf6 Qd7 24. fxe7 Qxe7 25. g6 fxg6 26. Qxg6+ Qg7 27. Qxe6+ Qf7 28. Qg4+ Qg7 29. Qe6+ Qf7 30. Qg4+ Qg7 31. Qe6+ 1/2-1/2

[Event "GRE-chT 44th"]
[Site "Achaia"]
[Date "2016.07.10"]
[Round "7.17"]
[White "Valsamis, Alexandros"]
[Black "Loukopoulos, Panagiotis Athanasi"]
[Result "1-0"]
[WhiteElo "1752"]
[BlackElo "1749"]
[PlyCount "65"]
[EventDate "2016.07.05"]
[EventType "team-swiss"]
[EventRounds "7"]
[EventCountry "GRE"]
[SourceTitle "CBM 173 Extra"]
[Source "ChessBase"]
[SourceDate "2016.08.29"]
[SourceVersion "1"]
[SourceVersionDate "2016.08.29"]
[SourceQuality "1"]
[WhiteTeam "Corfu SPZ"]
[BlackTeam "Evia HS"]
[WhiteTeamCountry "GRE"]
[BlackTeamCountry "GRE"]

1. e4 c5 2. d4 cxd4 3. c3 dxc3 4. Nxc3 e6 5. Nf3 a6 6. Bc4 d6 7. 0-0 b5 8. Bb3 Nd7 9. Be3 Ngf6 10. Re1 Bb7 11. Ng5 h6 12. Nxe6 fxe6 13. Bxe6 Be7 14. Qb3 Kf8 15. Rad1 Qc7 16. Bf5 g5 17. Rc1 Qd8 18. Bd4 Kg7 19. Ne2 Bc8 20. Qh3 Ne5 21. Ng3 Bxf5 22. Nxf5+ Kg6 23. Bxe5 dxe5 24. Red1 Qf8 25. Rc6 Qe8 26. Nxe7+ Qxe7 27. Rd7 Rhd8 28. Qf5+ Kh5 29. g4+ Nxg4 30. Rxe7 Rd1+ 31. Kg2 Rd2 32. Kg3 Rd3+ 33. f3 1-0

[Event "GRE-chT 44th"]
[Site "Achaia"]
[Date "2016.07.06"]
[Round "3.16"]
[White "Ragios, Konstantinos"]
[Black "Valsamis, Alexandros"]
[Result "0-1"]
[WhiteElo "1862"]
[BlackElo "1752"]
[PlyCount "108"]
[EventDate "2016.07.05"]
[EventType "team-swiss"]
[EventRounds "7"]
[EventCountry "GRE"]
[SourceTitle "CBM 173 Extra"]
[Source "ChessBase"]
[SourceDate "2016.08.29"]
[SourceVersion "1"]
[SourceVersionDate "2016.08.29"]
[SourceQuality "1"]
[WhiteTeam "Elefsinas STM"]
[BlackTeam "Corfu SPZ"]
[WhiteTeamCountry "GRE"]
[BlackTeamCountry "GRE"]

1. e4 e6 2. d4 d5 3. exd5 exd5 4. Nf3 Nc6 5. Bd3 Bg4 6. c3 Qd7 7. Be3 Bd6 8. Nbd2 Nge7 9. h3 Bf5 10. Be2 f6 11. Nh4 Be6 12. Nb3 Nf5 13. Nxf5 Bxf5 14. Qd2 0-0 15. Nc5 Bxc5 16. dxc5 Rad8 17. 0-0 Rfe8 18. Bb5 Qf7 19. Bf4 Qg6 20. Bxc7 Bxh3 21. Bg3 Bf5 22. Rfe1 Be4 23. Bf1 h5 24. Re3 Ne5 25. Bxe5 Rxe5 26. f3 Bf5 27. Rae1 Qg5 28. Qd4 Rxe3 29. Rxe3 h4 30. f4 Qg6 31. Bd3 Bxd3 32. Rxd3 Kh7 33. Kh2 Re8 34. Qxd5 Re2 35. Rh3 Qg4 36. Qf3 Qxf3 37. Rxf3 Rxb2 38. Rh3 g5 39. fxg5 fxg5 40. Rd3 Kg6 41. a4 Kf5 42. Rd5+ Kf4 43. Rd4+ Ke5 44. Rg4 Kf5 45. Rd4 g4 46. Rd5+ Ke6 47. Rd4 h3 48. Kh1 Rxg2 49. Rb4 g3 50. Rh4 Rc2 51. Rxh3 Rh2+ 52. Rxh2 gxh2 53. c4 Ke5 54. a5 a6 0-1

[Event "GRE-chT 44th"]
[Site "Achaia"]
[Date "2016.07.05"]
[Round "1.16"]
[White "Gazis, Efstathios"]
[Black "Valsamis, Alexandros"]
[Result "1-0"]
[WhiteElo "2199"]
[BlackElo "1752"]
[PlyCount "75"]
[EventDate "2016.07.05"]
[EventType "team-swiss"]
[EventRounds "7"]
[EventCountry "GRE"]
[SourceTitle "CBM 173 Extra"]
[Source "ChessBase"]
[SourceDate "2016.08.29"]
[SourceVersion "1"]
[SourceVersionDate "2016.08.29"]
[SourceQuality "1"]
[WhiteTeam "Heraklion SO"]
[BlackTeam "Corfu SPZ"]
[WhiteTeamCountry "GRE"]
[BlackTeamCountry "GRE"]

1. e4 e6 2. d4 d5 3. exd5 exd5 4. Nf3 Nc6 5. Bb5 Qe7+ 6. Be3 Bd7 7. 0-0 a6 8. Bxc6 bxc6 9. c4 f6 10. Re1 Kf7 11. Bd2 Be6 12. Nc3 Qd7 13. Qa4 Ne7 14. Bf4 Bg4 15. Nd2 Ng6 16. Bg3 h5 17. cxd5 cxd5 18. Qxd7+ Bxd7 19. Bxc7 Rc8 20. Ba5 Be6 21. Nb3 Bd6 22. Bb6 Bf4 23. Nc5 Rc6 24. Rxe6 Rxe6 25. Nxe6 Kxe6 26. Re1+ Kd6 27. Bc5+ Kc6 28. g3 Bd2 29. Re6+ Kd7 30. Rd6+ Kc8 31. Nxd5 Re8 32. Rxa6 Re1+ 33. Kg2 Re2 34. Kf3 Re1 35. Ra7 Bh6 36. Nb4 h4 37. Nc6 h3 38. Bd6 1-0